Open Data Biblioteca Nacional de Portugal


República Portuguesa: Ministério da Cultura
Biblioteca Nacional de Portugal

Catálogo da BNP: acesso por Identificadores Unívocos
Registos Bibliográficos associados ao registo de autoridade

Etiqueta de registo: 00000nkm 2200025 450
001 2268881
003 http://id.bnportugal.gov.pt/bib/catbnp/2268881
100 ## $a20260219f1990 m y0pory01030103ba
101 0# $apor
102 ## $aPT
200 1# $a15º aniversário, STAL, Campanha de Sindicalização $bVisual gráfico]$fSindicato Nacional dos Trabalhadores da Administração Local$gFaria 90
210 #9 $a[S.l.]$cSindicato Nacional dos Trabalhadores da Administração Local,$d[ca. 1990]
215 ## $a1 cartaz$ccolor.$d64,3x49,3 cm
306 ## $aDatação em conformidade com a data do design
317 ## $aColeção Madeira Luís
710 02 $aAniversário do Sindicato Nacional dos Trabalhadores da Administração Local (STAL) $b15$31994116
712 02 $aSindicato Nacional dos Trabalhadores da Administração Local$331003
801 #0 $aPT$bBN$gRPC
966 ## $lBN$mICONOG$sCT. 21791 A.$x3
971 ## $cCaticonografia3$d20260219
995 ## $aPRR2026 $d20260219$iCaticonografia3

OpendataBNP@bnportugal.pt | Mais informação sobre acesso aos dados BNP